[Event "Meisterturnier"]
[Site "Tübingen"]
[Date "2007.08.25"]
[Round "1"]
[White "Schmittdiel, Eckhard"]
[Black "Latzke, Boris Alexander"]
[Result "0-1"]
[WhiteElo "2436"]
[BlackElo "2230"]
[PlyCount "98"]
[EventDate "2007.??.??"]

1. e4 e5 2. Nf3 Nc6 3. d4 exd4 4. Nxd4 Bc5 5. Be3 Qf6 6. c3 Nge7 7. Bc4 Ne5 8.
Be2 Qg6 9. O-O d6 10. f3 O-O 11. Kh1 d5 12. Nf5 Nxf5 13. Bxc5 dxe4 14. fxe4 Nh4
15. Rg1 Re8 16. Nd2 Bg4 17. Bd4 Bxe2 18. Qxe2 Nc6 19. Be3 Qe6 20. Bf4 Rac8 21.
Qb5 Ng6 22. Bg3 b6 23. a4 Rcd8 24. Nf3 Nge5 25. Rad1 f6 26. Nd4 Nxd4 27. cxd4
c6 28. Qe2 Qc4 29. Qe3 Nf7 30. b3 Qe6 31. Rge1 Nd6 32. Bxd6 Rxd6 33. Qc3 Red8
34. h3 Qd7 35. Qc4+ Qf7 36. d5 h6 37. Kh2 cxd5 38. Rxd5 Rxd5 39. exd5 Rxd5 40.
Qc8+ Kh7 41. Re8 Qd7 42. Qc2+ f5 43. Re2 Qd6+ 44. g3 Rd3 45. Rg2 Qd5 46. b4 Qe4
47. a5 Rd4 48. axb6 Qxc2 49. Rxc2 axb6 0-1

[Event "Meisterturnier"]
[Site "Tübingen"]
[Date "2007.08.25"]
[Round "1"]
[White "Heinl, Thomas"]
[Black "Holzhäuer, Mathias"]
[Result "1/2-1/2"]
[WhiteElo "2213"]
[BlackElo "2341"]
[PlyCount "36"]
[EventDate "2007.??.??"]

1. e4 d5 2. exd5 Qxd5 3. Nc3 Qa5 4. Bc4 Nf6 5. d3 c6 6. Nge2 g6 7. Bf4 e5 8.
Bg5 Nbd7 9. O-O Bg7 10. Qd2 h6 11. Bh4 O-O 12. Rad1 Kh7 13. Bb3 Nc5 14. Bxf6
Nxb3 15. axb3 Bxf6 16. Ne4 Qd8 17. Nxf6+ Qxf6 18. Qb4 Kg7 1/2-1/2

[Event "Meisterturnier"]
[Site "Tübingen"]
[Date "2007.08.25"]
[Round "1"]
[White "Bräuning, Rudolf"]
[Black "Gabriel, Josef"]
[Result "0-1"]
[WhiteElo "2340"]
[BlackElo "2204"]
[PlyCount "68"]
[EventDate "2007.??.??"]

1. e4 e5 2. Nc3 Bc5 3. Nf3 d6 4. Na4 Qe7 5. g3 Nf6 6. d3 Nc6 7. Bg2 Bg4 8. c3
h6 9. h3 Bd7 10. O-O O-O 11. Nh4 Nh7 12. Qh5 Qf6 13. Kh2 Ne7 14. Nxc5 dxc5 15.
Be3 g5 16. Nf3 Qg7 17. Nd2 b6 18. a4 Rad8 19. f4 f5 20. fxe5 Be8 21. Qe2 Qxe5
22. d4 cxd4 23. Bxd4 Qd6 24. Nc4 Qe6 25. Bf3 c5 26. Bf2 Bf7 27. b3 Qf6 28. exf5
Qxc3 29. Qxe7 Qxf3 30. Ne5 Qxb3 31. Rab1 Qd5 32. Rbd1 Rde8 33. Rxd5 Rxe7 34.
Re1 Bxd5 0-1

[Event "Meisterturnier"]
[Site "Tübingen"]
[Date "2007.08.25"]
[Round "1"]
[White "Bauer, Eckart"]
[Black "Roth, Jürgen Eugen"]
[Result "0-1"]
[WhiteElo "2203"]
[BlackElo "2309"]
[PlyCount "60"]
[EventDate "2007.??.??"]

1. e4 d6 2. d4 g6 3. Nc3 Bg7 4. h3 a6 5. a4 Nc6 6. Nf3 e5 7. Bg5 Qd7 8. dxe5
Nxe5 9. Nxe5 Bxe5 10. Qd2 b6 11. Bc4 Bb7 12. O-O h6 13. Be3 O-O-O 14. Qd3 a5
15. Nd5 Ne7 16. Ra2 Nxd5 17. Bxd5 Bxd5 18. exd5 Kb7 19. Rb1 g5 20. b4 Ra8 21.
Bd2 axb4 22. Rxb4 Ra6 23. g4 Rha8 24. Qb3 f5 25. Rc4 fxg4 26. hxg4 Rf8 27. f3
h5 28. a5 hxg4 29. Rxg4 Qh7 30. Rg2 Bd4+ 0-1

[Event "Meisterturnier"]
[Site "Tübingen"]
[Date "2007.08.25"]
[Round "1"]
[White "Namyslo, Holger"]
[Black "Schmidt, Olaf"]
[Result "1-0"]
[WhiteElo "2305"]
[BlackElo "2193"]
[PlyCount "91"]
[EventDate "2007.??.??"]

1. e4 d6 2. d4 Nf6 3. Nc3 g6 4. f4 Bg7 5. Nf3 O-O 6. Bd3 Na6 7. O-O c5 8. d5
Bg4 9. Bc4 e6 10. dxe6 Bxe6 11. Bxe6 fxe6 12. Qe2 Nc7 13. e5 Nfd5 14. Ne4 Nxf4
15. Bxf4 Rxf4 16. exd6 Nd5 17. Nxc5 Qxd6 18. Qxe6+ Qxe6 19. Nxe6 Rb4 20. Nxg7
Kxg7 21. b3 Rc8 22. c4 Ne3 23. Rf2 Rd8 24. Re1 Nd1 25. Rd2 Rxd2 26. Nxd2 Nb2
27. Re7+ Kf6 28. Rxh7 Rb6 29. Rd7 Ke6 30. Rd5 Ra6 31. Ne4 Rxa2 32. Nc5+ Kf6 33.
Nxb7 Ra1+ 34. Kf2 Nd1+ 35. Kf3 Nc3 36. Ra5 Rf1+ 37. Ke3 Rb1 38. Nc5 Rb2 39.
Ra6+ Kf5 40. Kf3 Ne2 41. g4+ Kg5 42. Ne4+ Kh6 43. Rxa7 Nd4+ 44. Ke3 Nxb3 45.
g5+ Kh5 46. h3 1-0

[Event "Meisterturnier"]
[Site "Tübingen"]
[Date "2007.08.25"]
[Round "1"]
[White "Engelhart, Achim"]
[Black "Reuß, Andreas"]
[Result "0-1"]
[WhiteElo "2192"]
[BlackElo "2303"]
[PlyCount "146"]
[EventDate "2007.??.??"]

1. e4 c6 2. d4 d5 3. Nd2 dxe4 4. Nxe4 Nf6 5. Nxf6+ exf6 6. Bc4 Be6 7. Bxe6 fxe6
8. Nf3 Bd6 9. Qe2 Kf7 10. O-O Nd7 11. Re1 Re8 12. Qe4 Kg8 13. Bf4 Qc7 14. Bxd6
Qxd6 15. Rad1 Qd5 16. Qxd5 cxd5 17. Re2 Rac8 18. c3 Kf7 19. Ne1 Rc4 20. Nc2 Rc6
21. Nb4 Rd6 22. Nd3 Nb6 23. Rde1 Nc4 24. f3 Rd7 25. Kf2 Rde7 26. Nb4 b6 27. Nc6
Rd7 28. Nb4 a5 29. Nd3 Nd6 30. Nf4 Rde7 31. h4 Nb5 32. h5 Nc7 33. Nd3 g6 34.
hxg6+ hxg6 35. Rh1 Kg7 36. g4 g5 37. Kg3 Rh8 38. Rxh8 Kxh8 39. f4 gxf4+ 40.
Nxf4 Kg7 41. Nd3 Re8 42. Nf4 Kf7 43. Rh2 Rg8 44. Kf3 e5 45. Rh7+ Rg7 46. Rxg7+
Kxg7 47. dxe5 fxe5 48. Nh3 Kf6 49. Ke3 Ne6 50. b3 b5 51. Ng1 b4 52. cxb4 axb4
53. Nf3 e4 54. Ne1 Ke5 55. Nc2 d4+ 56. Kd2 Kf4 57. Nxb4 Kxg4 58. Nc2 Kf3 59. b4
Kf4 60. a4 Ke5 61. a5 Nc7 62. Na3 Kd5 63. b5 e3+ 64. Kd3 Ne6 65. a6 Nf4+ 66.
Kc2 d3+ 67. Kd1 e2+ 68. Kd2 Ng2 69. Nc2 dxc2 70. Kxc2 e1=Q 71. a7 Qa5 72. b6
Ne3+ 73. Kd3 Nc4 0-1

[Event "Meisterturnier"]
[Site "Tübingen"]
[Date "2007.08.25"]
[Round "1"]
[White "Hirneise, Tobias"]
[Black "Weber, Klaus"]
[Result "1/2-1/2"]
[WhiteElo "2293"]
[BlackElo "2179"]
[PlyCount "54"]
[EventDate "2007.??.??"]

1. e4 c5 2. Nf3 d6 3. d4 cxd4 4. Nxd4 Nf6 5. Nc3 a6 6. Be3 Qc7 7. Be2 Nbd7 8.
g4 b5 9. g5 b4 10. gxf6 bxc3 11. fxe7 Bxe7 12. b3 Nc5 13. Bc4 g6 14. Qf3 Ne6
15. Nxe6 Bxe6 16. Bxe6 fxe6 17. O-O Rb8 18. Bd4 e5 19. Bxc3 Rf8 20. Qh3 Qc8 21.
Qxc8+ Rxc8 22. Bd2 Rxc2 23. Be3 Kd7 24. Rfc1 Rfc8 25. Rxc2 Rxc2 26. Rb1 Rxa2
27. Rc1 Rb2 1/2-1/2

[Event "Meisterturnier"]
[Site "Tübingen"]
[Date "2007.08.25"]
[Round "1"]
[White "Fischer, Andre Klaus"]
[Black "Hönsch, Matthias"]
[Result "1/2-1/2"]
[WhiteElo "2169"]
[BlackElo "2279"]
[PlyCount "170"]
[EventDate "2007.??.??"]

1. e4 e6 2. d4 d5 3. Nc3 Nf6 4. e5 Nfd7 5. f4 c5 6. Nf3 Nc6 7. Be3 a6 8. Qd2 b5
9. a3 Qb6 10. Ne2 Bb7 11. dxc5 Bxc5 12. Ned4 Rc8 13. b4 Bxd4 14. Nxd4 Nxd4 15.
Bxd4 Qc7 16. Bd3 f5 17. Rg1 h5 18. Qe3 g6 19. Kf2 Kf7 20. g3 Rh6 21. a4 Bc6 22.
axb5 Bxb5 23. Bxb5 axb5 24. c3 Rhh8 25. Ra7 Qc6 26. Rga1 Ra8 27. Qe2 Rxa7 28.
Rxa7 Rb8 29. Qa2 Rb7 30. Ra6 Qc4 31. Qxc4 bxc4 32. h4 Nb8 33. Rd6 Ke7 34. Ke3
Nd7 35. Ra6 Rb5 36. Ra7 Kd8 37. Bc5 Nxc5 38. bxc5 Rxc5 39. Rg7 Ra5 40. Rxg6 Ke7
41. Rg7+ Kf8 42. Rh7 Ra1 43. Rxh5 Rd1 44. Rg5 Rd3+ 45. Ke2 Rxc3 46. g4 fxg4 47.
Rxg4 Rh3 48. f5 exf5 49. Rd4 Ke7 50. Rxd5 Rxh4 51. Rc5 Ke6 52. Kf2 Re4 53. Kf3
Rd4 54. Ke3 Rd3+ 55. Ke2 Rd5 56. Rxc4 Kxe5 57. Ra4 Rb5 58. Kf2 Rb2+ 59. Kf3
Rb3+ 60. Kf2 Kf6 61. Kg2 Kg5 62. Kf2 Rb5 63. Kg2 Rc5 64. Kf2 Re5 65. Kg2 f4 66.
Ra8 Kg4 67. Rg8+ Kf5 68. Rf8+ Ke4 69. Kf2 Re7 70. Ke2 Rg7 71. Kf2 Rg5 72. Re8+
Kf5 73. Rf8+ Kg4 74. Kg2 Rd5 75. Rg8+ Kf5 76. Rf8+ Ke4 77. Re8+ Re5 78. Rxe5+
Kxe5 79. Kf3 Kf5 80. Kf2 Ke4 81. Ke2 f3+ 82. Kf2 Kf4 83. Kf1 Ke3 84. Ke1 f2+
85. Kf1 Kf3 1/2-1/2

[Event "Meisterturnier"]
[Site "Tübingen"]
[Date "2007.08.25"]
[Round "1"]
[White "Remmler, Hans-Peter"]
[Black "Mayer, Joachim"]
[Result "1-0"]
[WhiteElo "2256"]
[BlackElo "2155"]
[PlyCount "94"]
[EventDate "2007.??.??"]

1. e4 c6 2. d4 d5 3. e5 Bf5 4. c4 e6 5. Nc3 Bb4 6. Nf3 Ne7 7. a3 Ba5 8. b4 Bc7
9. c5 Nd7 10. Be3 O-O 11. Nh4 f6 12. f4 fxe5 13. fxe5 Nxe5 14. dxe5 Bxe5 15.
Bd4 Bxd4 16. Qxd4 e5 17. Qd2 Ng6 18. Nxf5 Rxf5 19. O-O-O Qf6 20. Be2 e4 21.
Rhf1 Nf4 22. Kc2 Nxg2 23. Nxe4 Qe5 24. Rxf5 Qxf5 25. Bd3 dxe4 26. Bc4+ Kh8 27.
Qxg2 a5 28. Rf1 Qe5 29. Qg3 Qh5 30. Qd6 Qe8 31. Qe6 axb4 32. Qxe8+ Rxe8 33.
axb4 h6 34. Rf7 Rb8 35. Re7 b6 36. Rxe4 bxc5 37. bxc5 Rf8 38. Kc3 g5 39. Re6
Rf2 40. Rxh6+ Kg7 41. Rxc6 Rxh2 42. Bd3 Kf7 43. Rd6 g4 44. Rd4 g3 45. Rg4 g2
46. Be4 Ke6 47. Rxg2 Rh4 1-0

[Event "Meisterturnier"]
[Site "Tübingen"]
[Date "2007.08.25"]
[Round "1"]
[White "Rothfuß, Oliver"]
[Black "Mäurer, Christoph"]
[Result "0-1"]
[WhiteElo "2139"]
[BlackElo "2255"]
[PlyCount "64"]
[EventDate "2007.??.??"]

1. d4 Nf6 2. Nf3 g6 3. Bg5 Bg7 4. Nbd2 c5 5. e3 d6 6. c3 O-O 7. Bd3 Qc7 8. O-O
h6 9. Bh4 Nc6 10. h3 b6 11. Qc2 Bb7 12. Rac1 cxd4 13. exd4 e5 14. Rfe1 Nh5 15.
dxe5 dxe5 16. Bc4 Kh8 17. Bf1 f5 18. g4 Nf4 19. gxf5 gxf5 20. Bg3 Nh5 21. Nh4
Qf7 22. Bc4 Qf6 23. Be2 Nxg3 24. fxg3 e4 25. Rf1 Qg5 26. Kh2 Be5 27. Nxf5 Rxf5
28. Nxe4 Qg6 29. Rxf5 Qxf5 30. Rf1 Qg5 31. Bg4 Ne7 32. Re1 h5 0-1

[Event "Meisterturnier"]
[Site "Tübingen"]
[Date "2007.08.25"]
[Round "1"]
[White "Kabisch, Thilo"]
[Black "Stiepan, Hans-Michael"]
[Result "1/2-1/2"]
[WhiteElo "2241"]
[BlackElo "2124"]
[PlyCount "120"]
[EventDate "2007.??.??"]

1. e4 e6 2. d4 d5 3. e5 c5 4. c3 Nc6 5. Nf3 Qb6 6. a3 Bd7 7. b4 cxb4 8. cxb4
Rc8 9. Be3 Nh6 10. Bd3 Ng4 11. O-O Be7 12. Nbd2 Nxe3 13. fxe3 Nb8 14. Qe2 Ba4
15. e4 O-O 16. Rfc1 Nc6 17. Qe3 a6 18. exd5 exd5 19. Bf5 Rcd8 20. Rab1 g6 21.
Bh3 f6 22. Nb3 Bxb3 23. Rxb3 fxe5 24. dxe5 d4 25. Qe2 d3+ 26. Qf2 Qxf2+ 27.
Kxf2 Nxe5 28. Rd1 Bh4+ 29. Kg1 Rxf3 30. gxf3 Nxf3+ 31. Kf1 Ne5 32. Bg2 Rd7 33.
Be4 d2 34. Ke2 Be1 35. Rc3 Ng4 36. Rc8+ Kg7 37. Rb8 Nf2 38. Rxb7 Rxb7 39. Bxb7
Nxd1 40. Kxd1 a5 41. bxa5 Kf6 42. a6 Bf2 43. Kxd2 Ke5 44. Kc3 Kd6 45. Kc4 g5
46. Kb5 Kc7 47. Bf3 Be3 48. Be2 Bf2 49. a4 Kb8 50. Kc6 Ka7 51. Kb5 Be3 52. Kc6
Bf2 53. Kd5 h5 54. Bxh5 Kxa6 55. Ke4 Ka5 56. Bd1 Bg1 57. h3 Bb6 58. Kf5 Be3 59.
Kg4 Bd2 60. Bc2 Bc1 1/2-1/2

[Event "Meisterturnier"]
[Site "Tübingen"]
[Date "2007.08.25"]
[Round "1"]
[White "Giacopelli, Vincenzo"]
[Black "Frick, Christoph"]
[Result "1/2-1/2"]
[WhiteElo "2093"]
[BlackElo "2240"]
[PlyCount "61"]
[EventDate "2007.??.??"]

1. c4 g6 2. g3 Bg7 3. Bg2 e5 4. Nc3 d6 5. d3 f5 6. e3 Nf6 7. Nge2 O-O 8. O-O
Nbd7 9. Bd2 Nc5 10. Qc2 Ne6 11. Rae1 g5 12. f4 gxf4 13. exf4 c6 14. Kh1 Bd7 15.
b4 Qc7 16. Qb3 Kh8 17. Rc1 Rae8 18. Be3 Ng4 19. Bg1 exf4 20. gxf4 Qd8 21. Rf3
a6 22. d4 b5 23. cxb5 axb5 24. d5 cxd5 25. Qxd5 Qb8 26. Rd3 Rf7 27. Qxd6 Qd8
28. Qb6 Qh4 29. Rh3 Qf6 30. Rd1 Rg8 31. Rg3 1/2-1/2

[Event "Meisterturnier"]
[Site "Tübingen"]
[Date "2007.08.25"]
[Round "1"]
[White "Tscharotschkin, Michael"]
[Black "Hirneise, Jens"]
[Result "0-1"]
[WhiteElo "2236"]
[BlackElo "2090"]
[PlyCount "74"]
[EventDate "2007.??.??"]

1. e4 c5 2. c3 Nf6 3. e5 Nd5 4. d4 cxd4 5. Nf3 Nc6 6. cxd4 d6 7. Bc4 Nb6 8. Bb3
dxe5 9. d5 Na5 10. Nc3 Nxb3 11. Qxb3 g6 12. Nxe5 Bg7 13. Bf4 O-O 14. O-O e6 15.
Rad1 exd5 16. Nxd5 Be6 17. Nd7 Bxd5 18. Rxd5 Nxd5 19. Qxd5 Re8 20. g3 Re7 21.
Rd1 Qe8 22. Kg2 Re2 23. Bh6 Qe4+ 24. Qxe4 Rxe4 25. Nc5 Rd4 26. Rxd4 Bxd4 27. b4
Bxc5 28. bxc5 Rc8 29. Be3 Rc6 30. Kf3 Ra6 31. Ke4 Rxa2 32. Kd5 a5 33. Kc4 Rb2
34. Bd4 Rb1 35. Bc3 a4 36. Bb4 f5 37. f4 Kf7 0-1

[Event "Meisterturnier"]
[Site "Tübingen"]
[Date "2007.08.26"]
[Round "2"]
[White "Roth, Jürgen Eugen"]
[Black "Mäurer, Christoph"]
[Result "1/2-1/2"]
[WhiteElo "2309"]
[BlackElo "2255"]
[PlyCount "124"]
[EventDate "2007.??.??"]

1. d4 Nf6 2. Nf3 g6 3. Bg5 Bg7 4. Nbd2 c5 5. e3 cxd4 6. exd4 O-O 7. Bd3 d6 8.
O-O Nc6 9. c3 Qc7 10. Re1 e5 11. dxe5 dxe5 12. Nc4 Ne8 13. Qe2 f6 14. Be3 Ne7
15. Na3 Nd6 16. Bd2 Bd7 17. c4 Rfe8 18. Rac1 Nf7 19. c5 Nc6 20. Nb5 Qb8 21. Bc4
Ncd8 22. Nd6 Re7 23. Bb4 Be6 24. Nd2 Nc6 25. Bxe6 Rxe6 26. Qc4 Nfd8 27. Bc3 Qc7
28. f4 Kh8 29. fxe5 Nxe5 30. Bxe5 fxe5 31. N2e4 Re7 32. Rf1 Ne6 33. Nf6 Nf4 34.
Nd5 Nxd5 35. Qxd5 h6 36. Qe4 Kh7 37. b4 Rd8 38. Rcd1 b6 39. Nb5 Qc8 40. c6 a6
41. Nc3 Rxd1 42. Rxd1 Re6 43. Nd5 Qxc6 44. h4 h5 45. g4 hxg4 46. h5 Rd6 47.
hxg6+ Rxg6 48. Qd3 Qe8 49. Kg2 e4 50. Rh1+ Rh6 51. Rxh6+ Kxh6 52. Qxa6 Qf7 53.
Qxb6+ Kh7 54. Ne3 Qf3+ 55. Kg1 g3 56. Nf1 e3 57. Qxe3 Qxe3+ 58. Nxe3 Bd4 59.
Kg2 Bxe3 60. Kxg3 Kg6 61. Kf3 Bd2 62. b5 Kf5 1/2-1/2

[Event "Meisterturnier"]
[Site "Tübingen"]
[Date "2007.08.26"]
[Round "2"]
[White "Latzke, Boris Alexander"]
[Black "Namyslo, Holger"]
[Result "1-0"]
[WhiteElo "2230"]
[BlackElo "2305"]
[PlyCount "145"]
[EventDate "2007.??.??"]

1. d4 e6 2. c4 d5 3. Nc3 c6 4. Nf3 dxc4 5. a4 Bb4 6. e4 b5 7. Bg5 Ne7 8. Be2
Bb7 9. O-O Bxc3 10. bxc3 O-O 11. Qb1 a6 12. Bxc4 h6 13. Bh4 Nd7 14. Bd3 Nf6 15.
Bxf6 gxf6 16. c4 Ng6 17. Rd1 Rb8 18. Qc1 Kh7 19. h4 bxc4 20. Bxc4 Qa5 21. Qe3
Qh5 22. g3 Rg8 23. Kf1 Qg4 24. Be2 Qh3+ 25. Ke1 e5 26. h5 Nf8 27. dxe5 Qxh5 28.
Qf4 c5 29. Rab1 Ne6 30. Qxf6 Bxe4 31. Rxb8 Rxb8 32. Nh4 Qg5 33. Qxf7+ Ng7 34.
Qf6 Re8 35. Qxg5 hxg5 36. Nf3 Bxf3 37. Bxf3 Rxe5+ 38. Kf1 c4 39. Rd6 Ra5 40.
Bd1 Rc5 41. Bc2+ Kg8 42. Rxa6 Kf7 43. Ke2 Ne6 44. Ra7+ Kf6 45. Ke3 Re5+ 46. Kd2
Nd4 47. Bd1 Nf5 48. Kc3 Nd6 49. Bc2 Re2 50. Rd7 Nf7 51. Rd2 Re8 52. Kxc4 Ne5+
53. Kb5 Rb8+ 54. Ka6 Nc4 55. Rd4 Na3 56. Bd3 Ke5 57. Rg4 Rf8 58. Rxg5+ Kd4 59.
Rf5 Rg8 60. Bb5 Rg6+ 61. Ka5 Rg7 62. Kb4 Nc2+ 63. Kb3 Ne1 64. a5 Ke4 65. Rf8
Kd4 66. a6 Kc5 67. Be2 Re7 68. Bc4 Kb6 69. Rf6+ Kc5 70. Re6 Rf7 71. Re5+ Kd6
72. Bxf7 Kxe5 73. a7 1-0

[Event "Meisterturnier"]
[Site "Tübingen"]
[Date "2007.08.26"]
[Round "2"]
[White "Reuß, Andreas"]
[Black "Gabriel, Josef"]
[Result "1-0"]
[WhiteElo "2303"]
[BlackElo "2204"]
[PlyCount "133"]
[EventDate "2007.??.??"]

1. d4 d6 2. e4 g6 3. c3 Bg7 4. Bg5 c6 5. Nd2 Nd7 6. f4 d5 7. e5 Nf8 8. Qf3 h5
9. Bd3 Qb6 10. Rb1 Bg4 11. Qf2 Ne6 12. Ngf3 Nh6 13. h3 Bf5 14. Bxf5 Nxf5 15.
Nh4 Qa6 16. Nxf5 gxf5 17. Qe2 Qxe2+ 18. Kxe2 c5 19. Nf3 cxd4 20. cxd4 Rc8 21.
Rhc1 Kd7 22. Ke3 Rhg8 23. g3 b5 24. Kd2 Rc4 25. b3 Nxd4 26. bxc4 Nxf3+ 27. Ke3
Nxg5 28. cxd5 a6 29. a4 Ne4 30. axb5 axb5 31. Rxb5 Ra8 32. Rb7+ Kd8 33. d6 Ra3+
34. Ke2 exd6 35. Rxf7 Bh6 36. e6 Nxg3+ 37. Ke1 Re3+ 38. Kf2 Rc3 39. Rxc3 Ne4+
40. Kf3 Nxc3 41. h4 Nb5 42. Ke3 Ke8 43. Rxf5 Nc7 44. Rxh5 Bg7 45. f5 Kf8 46.
Kf3 Nd5 47. Rg5 Bf6 48. Rg4 Ne7 49. Kf4 Be5+ 50. Ke4 Ng8 51. Rg2 Nf6+ 52. Kf3
d5 53. Ra2 Kg7 54. Ra7+ Kf8 55. Rf7+ Ke8 56. Ke3 Ng8 57. Rh7 Ne7 58. Kd3 Ba1
59. Rf7 Nc6 60. Rb7 Bf6 61. h5 Kd8 62. h6 Ne7 63. h7 Be5 64. Rb8+ Kc7 65. Rf8
Kd6 66. f6 Ng6 67. e7 1-0

[Event "Meisterturnier"]
[Site "Tübingen"]
[Date "2007.08.26"]
[Round "2"]
[White "Hirneise, Jens"]
[Black "Remmler, Hans-Peter"]
[Result "1/2-1/2"]
[WhiteElo "2090"]
[BlackElo "2256"]
[PlyCount "42"]
[EventDate "2007.??.??"]

1. e4 e5 2. Nf3 Nc6 3. Bb5 a6 4. Ba4 Nf6 5. O-O Nxe4 6. d4 b5 7. Bb3 d5 8. dxe5
Be6 9. Be3 Be7 10. c3 O-O 11. Nbd2 Bg4 12. Nxe4 dxe4 13. Qxd8 Raxd8 14. Nd2
Nxe5 15. Nxe4 Nd3 16. f3 Bc8 17. Rab1 c5 18. Bc2 c4 19. Bd4 Nf4 20. Rfe1 Ne6
21. Bb6 Rd7 1/2-1/2

[Event "Meisterturnier"]
[Site "Tübingen"]
[Date "2007.08.26"]
[Round "2"]
[White "Holzhäuer, Mathias"]
[Black "Fischer, Andre Klaus"]
[Result "1-0"]
[WhiteElo "2341"]
[BlackElo "2169"]
[PlyCount "135"]
[EventDate "2007.??.??"]

1. e4 e6 2. Nf3 d5 3. e5 c5 4. b4 cxb4 5. a3 Nc6 6. axb4 Bxb4 7. c3 Be7 8. d4
f6 9. Bd3 fxe5 10. dxe5 Nh6 11. Bxh6 gxh6 12. Qd2 Bf8 13. Na3 Bg7 14. Qf4 Qe7
15. Nb5 Rf8 16. Qg3 Bh8 17. O-O a6 18. Rfb1 Rb8 19. Nbd4 Nxd4 20. cxd4 b5 21.
Nd2 Qg5 22. Nb3 Qxg3 23. hxg3 Kd8 24. Nc5 Rb6 25. Ra5 Rf7 26. Rba1 Bg7 27. Nxa6
b4 28. Nc5 Bf8 29. Rb1 Rc7 30. Rb3 Bxc5 31. dxc5 Rbc6 32. Rxb4 Rxc5 33. Rxc5
Rxc5 34. Kf1 Kc7 35. Rh4 d4 36. Rxd4 Rxe5 37. Rh4 Bb7 38. Rxh6 Ra5 39. Rxe6
Ra1+ 40. Ke2 Bxg2 41. Bxh7 Ra2+ 42. Ke3 Ra3+ 43. Kd2 Ra2+ 44. Bc2 Bd5 45. Re3
Kd6 46. f4 Be6 47. Kc3 Ra5 48. Bb3 Bf5 49. Kd4 Ra3 50. Bc4 Ra1 51. Bb5 Rg1 52.
Be2 Rg2 53. Bd3 Bd7 54. Be4 Rg1 55. Ra3 Bc8 56. Rb3 Bd7 57. Rb6+ Ke7 58. Rg6
Be8 59. Rg5 Re1 60. g4 Kf6 61. Rf5+ Kg7 62. Rc5 Rg1 63. g5 Rg4 64. Ke5 Rg1 65.
Rc7+ Kf8 66. Kf6 Ra1 67. Bd5 Ra4 68. f5 1-0

[Event "Meisterturnier"]
[Site "Tübingen"]
[Date "2007.08.26"]
[Round "2"]
[White "Stiepan, Hans-Michael"]
[Black "Hirneise, Tobias"]
[Result "1/2-1/2"]
[WhiteElo "2124"]
[BlackElo "2293"]
[PlyCount "48"]
[EventDate "2007.??.??"]

1. d4 Nf6 2. Nf3 g6 3. g3 Bg7 4. Bg2 O-O 5. c4 d6 6. Nc3 Nc6 7. O-O a6 8. h3
Bd7 9. e4 e5 10. Be3 exd4 11. Nxd4 Re8 12. Qd2 Ne5 13. Qe2 c5 14. Nc2 b5 15.
cxb5 axb5 16. Bg5 h6 17. Bxf6 Bxf6 18. Nxb5 Bxb5 19. Qxb5 Rb8 20. Qa4 Rxb2 21.
Rab1 Nd3 22. Qc4 Ne5 23. Qa4 Nd3 24. Qc4 Ne5 1/2-1/2

[Event "Meisterturnier"]
[Site "Tübingen"]
[Date "2007.08.26"]
[Round "2"]
[White "Hönsch, Matthias"]
[Black "Giacopelli, Vincenzo"]
[Result "1/2-1/2"]
[WhiteElo "2279"]
[BlackElo "2093"]
[PlyCount "38"]
[EventDate "2007.??.??"]

1. Nf3 g6 2. d4 Bg7 3. c4 c5 4. Nc3 cxd4 5. Nxd4 Nc6 6. Nc2 Nf6 7. e4 d6 8. Be2
O-O 9. O-O Ne5 10. b3 Ned7 11. Rb1 b6 12. f4 Bb7 13. Bf3 Rc8 14. Bb2 Qc7 15.
Qe2 a6 16. Rf2 e6 17. Rd1 Rfd8 18. g4 Ne8 19. Ne3 b5 1/2-1/2

[Event "Meisterturnier"]
[Site "Tübingen"]
[Date "2007.08.26"]
[Round "2"]
[White "Weber, Klaus"]
[Black "Kabisch, Thilo"]
[Result "0-1"]
[WhiteElo "2179"]
[BlackElo "2241"]
[PlyCount "122"]
[EventDate "2007.??.??"]

1. e4 e6 2. d4 d5 3. Nc3 Nf6 4. Bg5 dxe4 5. Nxe4 Nbd7 6. Nf3 Be7 7. Nxf6+ Nxf6
8. Bb5+ c6 9. Bd3 h6 10. Bd2 a6 11. Qe2 b5 12. Rd1 Bb7 13. O-O Qc7 14. c4 bxc4
15. Bxc4 O-O 16. Rc1 a5 17. Rc2 Rfd8 18. Rfc1 Nd5 19. Ne5 Bf6 20. Bxd5 Bxe5 21.
Qxe5 Qxe5 22. dxe5 Rxd5 23. f4 h5 24. Be3 Kh7 25. Rd2 Kg6 26. Rxd5 exd5 27. Kf2
Kf5 28. Kf3 d4 29. Bd2 c5+ 30. Kf2 Rc8 31. Bxa5 Rc6 32. b4 c4 33. b5 Rc8 34.
Bb6 d3 35. Ke3 Bxg2 36. Rg1 c3 37. Kxd3 Be4+ 38. Ke3 c2 39. Kd2 Rb8 40. Be3
Rxb5 41. Rxg7 Rd5+ 42. Ke2 Ke6 43. Bd2 Bd3+ 44. Ke3 Bg6 45. Rg8 Rd3+ 46. Ke2
Rh3 47. Rc8 Rxh2+ 48. Ke3 Rh3+ 49. Ke2 Bd3+ 50. Kf2 h4 51. Kg2 Rg3+ 52. Kf2 Be4
53. Rh8 Rf3+ 54. Ke2 h3 55. a4 Ra3 56. Bc1 Ra1 57. Kd2 Bf5 58. Rh6+ Kd5 59.
Rd6+ Ke4 60. Kxc2 Kf3+ 61. Kd2 Ra2+ 0-1

[Event "Meisterturnier"]
[Site "Tübingen"]
[Date "2007.08.26"]
[Round "2"]
[White "Frick, Christoph"]
[Black "Heinl, Thomas"]
[Result "1-0"]
[WhiteElo "2240"]
[BlackElo "2213"]
[PlyCount "95"]
[EventDate "2007.??.??"]

1. Nc3 d5 2. e4 d4 3. Nce2 e5 4. Ng3 Be6 5. Nf3 f6 6. Be2 Qd7 7. O-O Bd6 8. d3
Ne7 9. c4 O-O 10. Bd2 a5 11. b3 b5 12. Ne1 Ng6 13. Nf5 bxc4 14. dxc4 Nc6 15. c5
Be7 16. Bb5 Qe8 17. Qg4 Bd8 18. Nd3 Rb8 19. Ba4 Bxf5 20. exf5 Nge7 21. Rae1 Qf7
22. Qe4 Nb4 23. Bd7 Kh8 24. Be6 Qe8 25. Bxb4 axb4 26. f4 Qc6 27. fxe5 Qxe4 28.
Rxe4 Nc6 29. exf6 Bxf6 30. Rf3 Rbd8 31. Nf4 Bg5 32. Nd3 g6 33. g4 Kg7 34. Kg2
Ra8 35. Re2 Rae8 36. Kg3 gxf5 37. gxf5 Kf6 38. h4 Bh6 39. Nf2 Ne5 40. Rxe5 Kxe5
41. Ng4+ Ke4 42. Nxh6 Rxe6 43. Rf4+ Kd5 44. fxe6 Re8 45. Nf5 Rxe6 46. Nxd4 Re3+
47. Kg4 Rc3 48. Nb5 1-0

[Event "Meisterturnier"]
[Site "Tübingen"]
[Date "2007.08.26"]
[Round "2"]
[White "Schmidt, Olaf"]
[Black "Schmittdiel, Eckhard"]
[Result "1/2-1/2"]
[WhiteElo "2193"]
[BlackElo "2436"]
[PlyCount "64"]
[EventDate "2007.??.??"]

1. g3 d5 2. Nf3 Nf6 3. Bg2 c6 4. O-O Bf5 5. d3 h6 6. c4 e6 7. Qb3 Qb6 8. Be3
Qa6 9. cxd5 exd5 10. Nd4 Bh7 11. Bh3 Nbd7 12. Nf5 Bxf5 13. Bxf5 Bd6 14. Nc3 O-O
15. Qa4 Qxa4 16. Nxa4 Rfe8 17. Rfe1 Re7 18. Kf1 Rae8 19. Nc3 a6 20. Bd4 Be5 21.
Bxe5 Nxe5 22. d4 Nc4 23. b3 Nd2+ 24. Kg2 Nde4 25. Bxe4 Nxe4 26. Nxe4 Rxe4 27.
e3 f5 28. h4 g5 29. hxg5 hxg5 30. Rh1 R8e7 31. Rh5 Rg7 32. Kf3 Kf7 1/2-1/2

[Event "Meisterturnier"]
[Site "Tübingen"]
[Date "2007.08.26"]
[Round "2"]
[White "Engelhart, Achim"]
[Black "Bräuning, Rudolf"]
[Result "0-1"]
[WhiteElo "2192"]
[BlackElo "2340"]
[PlyCount "122"]
[EventDate "2007.??.??"]

1. e4 e5 2. Nf3 Nc6 3. Bb5 Nf6 4. O-O Nxe4 5. Re1 Nd6 6. Nxe5 Be7 7. Bf1 O-O 8.
d4 Nf5 9. d5 Nxe5 10. Rxe5 d6 11. Re1 Bd7 12. Nc3 Bf6 13. Bf4 Bxc3 14. bxc3 Qf6
15. Qd2 Rfe8 16. Bd3 h6 17. Rab1 b6 18. Rbd1 a5 19. Rb1 Nh4 20. Bg3 Nf5 21. Bf4
Nh4 22. Bg3 Ng6 23. f3 Ne5 24. Bf2 Qg5 25. Qxg5 hxg5 26. Rbd1 Ba4 27. Rd2 Re7
28. Rde2 Rae8 29. Kf1 Bd7 30. Bd4 f6 31. Kf2 Kf7 32. h3 g6 33. Kf1 Bc8 34. Kf2
Bb7 35. c4 Ba6 36. Bxe5 Rxe5 37. Re3 f5 38. R3e2 Bc8 39. Re3 Kf6 40. Rxe5 Rxe5
41. Rh1 f4 42. g4 fxg3+ 43. Kxg3 Bf5 44. h4 gxh4+ 45. Rxh4 Kg7 46. Kf2 Bd7 47.
Be4 Rh5 48. Rxh5 gxh5 49. Kg3 Kf6 50. Kh4 Be8 51. f4 Bg6 52. Bd3 a4 53. a3 Bxd3
54. cxd3 Kf5 55. Kxh5 Kxf4 56. Kg6 Ke3 57. Kf6 Kxd3 58. Ke6 Kxc4 59. Kd7 Kxd5
60. Kxc7 Kc5 61. Kb7 d5 0-1

[Event "Meisterturnier"]
[Site "Tübingen"]
[Date "2007.08.26"]
[Round "2"]
[White "Mayer, Joachim"]
[Black "Tscharotschkin, Michael"]
[Result "1-0"]
[WhiteElo "2155"]
[BlackElo "2236"]
[PlyCount "133"]
[EventDate "2007.??.??"]

1. d4 e6 2. Nf3 Nf6 3. Bg5 d5 4. e3 h6 5. Bh4 Nbd7 6. Bd3 c5 7. c3 Bd6 8. Nbd2
c4 9. Bc2 b5 10. e4 Be7 11. e5 Nh7 12. Bxe7 Qxe7 13. Bxh7 Rxh7 14. Qc2 Rh8 15.
b3 Nb6 16. O-O Bb7 17. Rfb1 Bc6 18. Qc1 Kd7 19. a4 bxa4 20. bxc4 dxc4 21. Qc2
Rhb8 22. h3 Kc7 23. Ne4 Bxe4 24. Qxe4 Qd7 25. Qc2 g6 26. Nd2 Kd8 27. Ne4 Ke7
28. Qc1 Qc6 29. Qa3+ Kd7 30. Nf6+ Kc7 31. Qe7+ Nd7 32. Rxb8 Rxb8 33. Ne8+ Kb7
34. Nd6+ Ka8 35. Qxf7 Rb3 36. Qxe6 a3 37. Qg8+ Nb8 38. Qxc4 Qxc4 39. Nxc4 Rxc3
40. Nxa3 Nc6 41. Nb5 Rb3 42. Nc7+ Kb8 43. Ne6 Rb4 44. Rd1 a5 45. f4 a4 46. d5
a3 47. Ra1 Nd4 48. Nxd4 Rxd4 49. Rxa3 Rxd5 50. Ra6 g5 51. g3 gxf4 52. gxf4 h5
53. Rf6 Kc7 54. Kg2 Kd7 55. Kg3 Rd3+ 56. Kh4 Ke7 57. Kxh5 Rxh3+ 58. Kg4 Rh1 59.
Kg5 Rh2 60. Rh6 Ra2 61. Kf5 Ra4 62. Rh7+ Kf8 63. Kg5 Re4 64. Kf5 Ra4 65. e6 Rb4
66. Kg5 Kg8 67. Rd7 1-0